La maravillosa historia de peter schlemihl o el hombre que perdió su sombra / (Registro nro. 13187)

Detalles MARC
000 -LIDER
fixed length control field 00840nam a22002537a 4500
003 - IDENTIFICACDOR DE NÚMERO DE CONTROL
control field DO-SdBNP
005 - DATE AND TIME OF LATEST TRANSACTION
control field 20171128155248.0
008 - ELEMENTOS DE LONGITUD FIJA
fixed length control field 171128b 1980 sp a||| 00| 0 spa d
020 ## - ISBN
International Standard Book Number 8470801023
040 ## - FUENTE DE CATALOGACIÓN
Agencia que crea de manera original el registro BPMSU
Idioma de catalogación spa
Agencia que realiza la transcripción BPMSU
082 ## - NÚMERO DE CLASIFICACIÓN DECIMAL DE DEWEY
Classification number xxxxx
Item number xxxxx
100 1# - ASIENTO PRINCIPAL -- NOMBRE PERSONAL
Nombre personal Von Chamisso, Adelbert
245 13 - MENCIÓN DE TITULO
Título La maravillosa historia de peter schlemihl o el hombre que perdió su sombra /
Mención de responsabilidad Adelbert Von Chamisso ; traducción J. Prat ; edición José Ma. Caradell
250 ## - MENCIÓN DE EDICION
Mención de edición 2a ed. Corregida y aumentada
260 ## - PUBLICACIÓN, DISTRIBUCIÓN, ETC. (PIE DE IMPRENTA)
Lugar de publicación, distribución, etc España :
Nombre del editor, distribuidor, etc. La Gaya Ciencia,
Fecha de publicación, distribución, etc 1980.
300 ## - DESCRIPCIÓN FÍSICA
Extensión 132 p. :
Otros detalles físicos il. ;
Dimensiones 18 cm.
490 1# - MENCIÓN DE SERIES
Mención de serie Moby Dick
Volume/sequential designation 16
700 ## - ASIENTO SECUNDARIO -- NOMBRE PERSONAL
Nombre personal Prat, J.,
Mención de responsabilidad tr.
700 1# - ASIENTO SECUNDARIO -- NOMBRE PERSONAL
Nombre personal Carandell, José Ma.,
Mención de responsabilidad ed.
830 #0 - ASIENTO SECUNDARIO DE SERIE--TÍTULO UNIFORME
Título uniforme Moby Dick
Número de la parte o sección de una obra 16
942 ## - ADDED ENTRY ELEMENTS (KOHA)
Source of classification or shelving scheme Dewey Decimal Classification
Koha item type Libros
945 ## - INFORMACIÓN DE PROCESAMIENTO LOCAL
Información de procesamiento local Inventariado extranjero / 2017 BT
956 ## - LOCAL ELECTRONIC LOCATION AND ACCESS (OCLC)
Nombre de host BTAVAREZ
Número de acceso 10
Información de compresión 20171128
Trayectoria 0038
Existencias
Withdrawn status Lost status Source of classification or shelving scheme Damaged status Not for loan Collection code Home library Current library Date acquired Source of acquisition Total Checkouts Full call number Barcode Date last seen Price effective from Koha item type
    Dewey Decimal Classification     Colección General Biblioteca Pública Metropolitana Salomé Ureña Biblioteca Pública Metropolitana Salomé Ureña 11/28/2017 FUNDI   xxxxx xxxxx BPMSU17110515 11/28/2017 11/28/2017 Libros